000 00624nam a2200217Ia 4500
003 OSt
005 20220925192748.0
006 a|||||r|||| 00| 0
007 ta
008 220923b |||||||| |||| 00| 0 eng d
037 _cGeneral Book
040 _aRTL
_cRTL
_beng
041 _2eng
_aeng
082 _aY:351.273.N, L1
100 _aSen Gupta Sankar Ed.
245 0 _aBihar in folklore study
_b An anthology
260 _aCalcutta
_bIndian Publications India
_c1971
300 _axxxx,170p
_ccm.
942 _hY:351.273.N, L1
_cGB
_2CC
999 _c523267
_d523267